00765nam a2200253 a 4500001001300000003000900013005001700022008004100039020002300080082001500103100001900118245008100137260003200218300000900250500003500259505002500294650001000319650001500329700001900344902000800363942000700371952011600378999001700494nice12345678IN_TiNIC20260116013708.0050524s1984 dela grp 000 0 eng  a0670348 c39500a951.5bAVE aAvedon, John F aIn Exile from the Land of Snowsb the Dalai Lama and Tibet Since the Chinese aDelhibPenguin Books c1984 a391p aincludes index and biblioraphy2 aReferences and Index aTibet aDalai Lama1 aAvedon, John F bSRS cBK 001040708StackRoom-aHMIbHMId2007-04-02g395.00l0o951.5 AVEp017470r2007-04-02v395.00w2005-05-24yBK c12009d12009